|
|
|
|
| LEADER |
00000ny a22000003n 4500 |
| 005 |
2011051104074.0 |
| 008 |
100311d19969999sp ir p s0 b spa d |
| 022 |
|
|
|a 1130-5878
|
| 035 |
|
|
|a 298
|
| 040 |
|
|
|a UZ.GRL
|d vLex
|
| 080 |
|
|
|a (051)35(460.16)
|
| 080 |
|
|
|a 35(460.16)(051)
|
| 090 |
|
|
|c 1669
|d 1669
|
| 245 |
3 |
0 |
|a Boletn̕ Oficial de la Provincia de Navarra
|h [Recurso electrn̤ico]
|
| 256 |
|
|
|a Servicio en ln̕ea
|
| 260 |
|
|
|a Pamplona :
|b Diputacin̤ Provincial de Navarra
|
| 310 |
|
|
|a Trisemanal
|
| 550 |
|
|
|a Vara̕ nombre editor: Diputacin̤ Foral de Navarra
|
| 650 |
0 |
4 |
|a Administracin̤ local
|z Espaą
|z Navarra
|x Publicaciones perid̤icas
|
| 740 |
0 |
|
|a vLex Revista (Servicios en ln̕ea)
|
| 843 |
|
|
|a Electrn̤ica. Abierta
|
| 853 |
|
|
|8 1
|i (year)
|j (month)
|k (day)
|
| 856 |
4 |
|
|z Acceso restringido
|u http://vlex.com/account/login_ip?fuente_id=298
|
| 942 |
|
|
|c REV
|
| 999 |
|
4 |
|a Navarra (Provincia)-
|v Publicaciones perid̤icas
|